New understanding computer science for advanced level (4th ed.) (Record no. 78796)
[ view plain ]
| 000 -LEADER | |
|---|---|
| fixed length control field | 00960nam a2200181 a 4500 |
| 008 - FIXED-LENGTH DATA ELEMENTS--GENERAL INFORMATION | |
| fixed length control field | 120416s1999 ||||||||||||||||| || u |
| 020 ## - INTERNATIONAL STANDARD BOOK NUMBER | |
| International Standard Book Number | 0748740465 |
| 050 ## - LIBRARY OF CONGRESS CALL NUMBER | |
| Classification number | QA 76.55 Bra |
| 100 ## - MAIN ENTRY--PERSONAL NAME | |
| Personal name | Bradley, Ray |
| 245 10 - TITLE STATEMENT | |
| Title | New understanding computer science for advanced level (4th ed.) |
| 250 ## - EDITION STATEMENT | |
| Edition statement | 4th ed. |
| 260 ## - PUBLICATION, DISTRIBUTION, ETC. | |
| Place of publication, distribution, etc. | Cheltenham: |
| Name of publisher, distributor, etc. | Stanley Thornes |
| Date of publication, distribution, etc. | 1999 |
| 350 ## - | |
| -- | 0.00 |
| 995 ## - | |
| -- | SHORT LOAN BOOKS |
| -- | 0.00 |
| -- | 733392 |
| -- | CBU-MAIN LIBRARY (Kitwe) |
| -- | 1 |
| -- | 18.00 |
| -- | QA 76.55 Bra |
| -- | 1 |
| -- | AVAILABLE |
| -- | 45153 |
| -- | Short Loan Collection |
| 995 ## - | |
| -- | SHORT LOAN BOOKS |
| -- | 0.00 |
| -- | 7309323 |
| -- | CBU-MAIN LIBRARY (Kitwe) |
| -- | 2 |
| -- | 18.00 |
| -- | QA 76.55 Bra |
| -- | 2 |
| -- | AVAILABLE |
| -- | 028227 |
| -- | Short Loan Collection |
| 995 ## - | |
| -- | SHORT LOAN BOOKS |
| -- | 0.00 |
| -- | 733393 |
| -- | CBU-MAIN LIBRARY (Kitwe) |
| -- | 3 |
| -- | 18.00 |
| -- | QA 76.55 Bra |
| -- | 3 |
| -- | DAMAGED |
| -- | 45252 |
| -- | Short Loan Collection |
| 995 ## - | |
| -- | SHORT LOAN BOOKS |
| -- | 0.00 |
| -- | 735988 |
| -- | CBU-MAIN LIBRARY (Kitwe) |
| -- | 1 |
| -- | 34.95 |
| -- | QA 76.55 Bra |
| -- | 1 |
| -- | AVAILABLE |
| -- | Jul 7, 2006 |
| -- | 38784 |
| -- | Main Library Open Access Collection |
| 999 ## - | |
| -- | 78796 |
| -- | 78796 |
| Withdrawn status | Lost status | Source of classification or shelving scheme | Damaged status | Not for loan | Permanent Location | Current Location | Shelving location | Date acquired | Total Checkouts | Full call number | Barcode | Date last seen | Copy number | Price effective from | Koha item type |
|---|---|---|---|---|---|---|---|---|---|---|---|---|---|---|---|
| CBU-MAIN LIBRARY, KITWE. | CBU-MAIN LIBRARY, KITWE. | 06/06/2023 | QA 76.55 Bra | 45153 | 06/06/2023 | 1 | 06/06/2023 | SHORT LOAN COLLECTION | |||||||
| CBU-MAIN LIBRARY, KITWE. | CBU-MAIN LIBRARY, KITWE. | 06/06/2023 | QA 76.55 Bra | 028227 | 06/06/2023 | 2 | 06/06/2023 | SHORT LOAN COLLECTION | |||||||
| CBU-MAIN LIBRARY, KITWE. | CBU-MAIN LIBRARY, KITWE. | 06/06/2023 | QA 76.55 Bra | 45252 | 06/06/2023 | 3 | 06/06/2023 | SHORT LOAN COLLECTION | |||||||
| CBU-MAIN LIBRARY, KITWE. | CBU-MAIN LIBRARY, KITWE. | 06/06/2023 | QA 76.55 Bra | 38784 | 06/06/2023 | 4 | 06/06/2023 | SHORT LOAN COLLECTION |